000 01133nam a22003132a 4500
999 _c9829
_d9829
001 9829
003 BD-JhCC
005 20180402082631.0
008 180401s1981 enkabc 001 0 eng d
020 _a0600023761 (pbk)
035 _aOCLC ocm16547128 from D960402M
_a(BD-JhCC)9829
040 _aUKM
_cUKM
_dEQO
_dBD-JhCC
041 1 _aeng
_hfre
050 0 _aD208
082 _a909.08
_219
_bLAR 1981
245 1 0 _aLarousse encyclopedia of modern history :
_bfrom 1500 to the present day /
_cgeneral editor Marcel Dunan ; English advisory editors John Roberts, Bernard Wasserstein ; [translated by Delano Ames] /
_cforeword by Hugh Trevor-Roper
250 _aNew rev. ed
260 _aLondon :
_bHamlyn,
_c1981.
300 _a437 p., [28] p. of plates :
_bill. (some col.), maps, ports. (some col.) ;
_c29 cm
500 _aPrevious ed.: 1972
500 _aIncludes index
500 _aTranslation of: Histoire universelle Larousse
650 0 _aHistory, Modern
700 1 _aDunan, Marcel.
700 1 _aRoberts, J. M.
_q(John Morris),
_d1928-2003.
700 1 _aWasserstein, Bernard.
942 _2ddc
_cREF